| 000 | 00454nam a2200157 i 4500 | ||
|---|---|---|---|
| 001 | 25400 | ||
| 003 | ES-MaACL | ||
| 005 | 20230906153246.0 | ||
| 007 | t| | ||
| 008 | 021226s1970 sp ||||1| spa d | ||
| 100 | 1 |
_aArmengou, J. M. _922952 |
|
| 245 | 1 | 0 |
_aGuía de Cataluña turística-automovilista / _cJ. M. Armengou. |
| 260 |
_a[Barcelona] : _bTelstar, _c[1970] |
||
| 300 |
_a237 p. : _bil., 3 map. ; _c22 cm. |
||
| 852 |
_aES-MaACL _jC-44665 _bR.74078 |
||
| 999 |
_c25400 _d25400 |
||